000 00514nam a2200217Ia 4500
001 989
003 GE_BSU
008 181216s||||||||xx |||||||||||||| ||und||
040 _cGE_BSU
080 _a616.2
100 _aПачес,А.И.
245 _aОпухоли головы и шеи
260 _aМосква
260 _bМедицина
260 _c1971
300 _a388стр.
541 _h15л.
653 _aмедицина
653 _aОпухоли головы и шеи
942 _cBK
999 _c35147
_d35147